000 00643nam a2200193Ia 4500
003 GCL
008 140319s9999 xx 000 0 ara d
040 _aGCL /
_cGCL
082 0 4 _aق
_b953.082
_bم ف
100 1 _aمحمود نديم احمد فهيم
245 1 0 _aالفن العربى للجيش المصرى فى العصر المملوكى البحرى /
_cمحمود نديم احمد فهيم
260 _a[S.N] :
_bالهيئة المصرية العامة للكتاب ،
_c1983
300 _a263 ص
490 _a
650 0 4 _aمصر
650 0 4 _aتاريخ
650 0 4 _aالمماليك البحرية
942 _2ddc
_cBK
999 _c57734
_d57734